<?xml version="1.0" encoding="UTF-8"?>
<collection xmlns="http://www.loc.gov/MARC21/slim">
 <record>
  <leader>01511pam a22002778a 4500</leader>
  <controlfield tag="001">00025652</controlfield>
  <controlfield tag="005">20171026081023.0</controlfield>
  <controlfield tag="008">110810s2010                  ||||||viesd</controlfield>
  <datafield tag="020" ind1=" " ind2=" ">
   <subfield code="c">35000</subfield>
  </datafield>
  <datafield tag="041" ind1="0" ind2="#">
   <subfield code="a">vie</subfield>
  </datafield>
  <datafield tag="082" ind1="1" ind2="4">
   <subfield code="a">327.09</subfield>
   <subfield code="b">L302S</subfield>
  </datafield>
  <datafield tag="245" ind1="0" ind2="0">
   <subfield code="a">Lịch sử quan hệ quốc tế : Từ đầu thời cận đại đến kết thúc Thế chiến thứ hai</subfield>
   <subfield code="c">Vũ Dương Ninh (ch.b.)...[và nh. ng. khác]</subfield>
  </datafield>
  <datafield tag="260" ind1="#" ind2="#">
   <subfield code="a">H.</subfield>
   <subfield code="b">Đại học Sư phạm</subfield>
   <subfield code="c">2010</subfield>
  </datafield>
  <datafield tag="300" ind1="#" ind2="#">
   <subfield code="a">193 tr.</subfield>
   <subfield code="b">minh họa</subfield>
   <subfield code="c">24 cm.</subfield>
  </datafield>
  <datafield tag="504" ind1="#" ind2="#">
   <subfield code="a">Thư mục: tr. 191-192</subfield>
  </datafield>
  <datafield tag="520" ind1="3" ind2="#">
   <subfield code="a">Giới thiệu lịch sử quan hệ quốc tế thời kỳ cận đại đến kết thúc thế chiến thứ hai: Quan hệ quốc tế thời kì đầu của lịch sử cận đại, quan hệ quốc tế ở Châu Âu từ cách mạng Pháp đến hội nghị Viên (1789-1815). Quan hệ quốc tế giữa hai cuộc chiến tranh thế giới (1919-1939)...</subfield>
  </datafield>
  <datafield tag="650" ind1="#" ind2="4">
   <subfield code="a">Lịch sử</subfield>
  </datafield>
  <datafield tag="650" ind1="#" ind2="4">
   <subfield code="a">Việt Nam</subfield>
  </datafield>
  <datafield tag="650" ind1="#" ind2="4">
   <subfield code="a">Quan hệ quốc tế</subfield>
  </datafield>
  <datafield tag="700" ind1="1" ind2="#">
   <subfield code="a">Phan Văn Ban</subfield>
  </datafield>
  <datafield tag="700" ind1="1" ind2="#">
   <subfield code="a">Vũ Dương Ninh</subfield>
   <subfield code="e">(ch.b.)</subfield>
  </datafield>
  <datafield tag="852" ind1="#" ind2="#">
   <subfield code="b">Kho mượn</subfield>
   <subfield code="j">KM.0009659, KM.0009575, KM.0009658, KM.0009657</subfield>
  </datafield>
  <datafield tag="852" ind1="#" ind2="#">
   <subfield code="j">KD.0010607</subfield>
   <subfield code="j">KM.0009658</subfield>
   <subfield code="j">KM.0009657</subfield>
   <subfield code="j">KM.0009575</subfield>
   <subfield code="j">KM.0009659</subfield>
  </datafield>
  <datafield tag="852" ind1="#" ind2="#">
   <subfield code="j">KD.0010607</subfield>
   <subfield code="b">Kho đọc</subfield>
  </datafield>
  <datafield tag="910" ind1=" " ind2=" ">
   <subfield code="d">10/08/2011</subfield>
  </datafield>
  <datafield tag="980" ind1="#" ind2="#">
   <subfield code="a">Trung tâm Học liệu Lê Vũ Hùng, Trường Đại học Đồng Tháp</subfield>
  </datafield>
 </record>
</collection>
